00488nam a2200181 a 4500001001300000003000900013005001700022008004100039020002300080082002000103100002200123245003800145260003900183300000900222500003500231505002400266650001600290nice12345678IN_TiNIC20260116013608.0050524s1992 newa grp 000 0 eng  a8185425 c18000a305.40954bJAC1 aJacobson, Doranne aWomen in Indiab Two Perspectives aNew DelhibManohar Publisherc1992 a173p aincludes index and biblioraphy2 aIndex, Bibliography aWomen-India